| 000 | 00740nam a22002057a 4500 | ||
|---|---|---|---|
| 999 |
_c14351 _d14351 |
||
| 003 | AR-CdUCM | ||
| 008 | 190422b ||||| |||| 00| 0 spa d | ||
| 020 | _a978-970-718-715-3 | ||
| 040 |
_aMUNICIPALIDAD PROVINCIAL DEL CUSCO _cBIBLIOTECA MUNICIPAL DEL CUSCO |
||
| 082 |
_aES / 611 / _bC17 |
||
| 100 |
_aCalabresi, Linda _933092 |
||
| 245 | _aEl cuerpo humano / | ||
| 260 |
_aMéxico : _bSilver Dolphin, _c2015. |
||
| 300 |
_a61 páginas ; _c27 cm. |
||
| 505 | _aContenido :Conoce el cuero humano -- ¿Como funciona e cuerpo humano? -- Los órganos del cuerpo -- Los sistemas del cuerpo -- Los sentidos ... | ||
| 650 |
_aCuerpo humano _918643 |
||
| 650 |
_aCiencias naturales _910176 |
||
| 942 |
_2ddc _cLIBROS |
||
| 945 |
_arum _d2019-04-22 |
||